000 01095nam a2200289 i 4500
001 178795
003 ES-MaACL
005 20250824205808.0
008 110630s2009 sp |||| |bspa d
020 _a978-84-206-5580-2
080 _a791.862 Belmonte, Juan
080 _a929 Belmonte, Juan
100 1 _aChaves Nogales, Manuel,
_d1897-1944
_938275
245 1 0 _aJuan Belmonte, matador de toros
_b: su vida y sus hazañas /
_cManuel Chaves Nogales ; epílogo de Josefina Carabias.
260 _aMadrid :
_bAlianza Editorial,
_c2009.
300 _a351 p. ;
_c18 cm.
490 1 _aEl libro de bolsillo. Toros
490 1 _aLibro práctico y aficiones ;
_v7803
600 1 7 _aBelmonte, Juan (
_d1892-1962)
_9147284
700 1 _aCarabias, Josefina,
_d1908-1980
_934924
830 0 3 _aEl libro de bolsillo.
_pToros
_9224332
830 0 3 _aEl libro de bolsillo.
_pLibro práctico y aficiones
_v7803
_9186819
852 _aES-MaACL
_jA-11311
_9185656
_bR.146724
_cDEPO1
_dOlim: N-4315
942 _2udc
_cMONOGRAFIA
999 _c178795
_d178795